00801nam a22002294a 450000500170000000800410001701000140005802000260007203500130009803700150011104000180012608200140014410000200015824501400017826000320031827000780035030000360042865000310046465000230049565000280051870000250054620090806112746.0050722s2005 flua 000 0 eng  aENG-94643 a9788189975883c295.00 aEN-78176 bDBAD / PUB adplbEnglish  a646.70082 aHolmes, Melisa. aGirlology :ba girl's guide to stuff that matters : relationships, bodytalk & girl power! /cby Melisa Holmes [and] Patricia Hutchison. aNew Delhi bWestland c2008 aF-5, Okhla Industrial Area, Phase-I, Mazzanine Floor, bNew Delhie110020 av, 255 p. :bill. ;c23cm(pbk)  aGirlsvLife skills guides. aGirlsxPsychology. aGirlsxConduct of life. aHutchison, Patricia.